[Event "SR 3. liga A2 2007/2008"]
[Site "?"]
[Date "2007.10.21"]
[Round "1"]
[White "Bincik, Pavol"]
[Black "Sipkovsky, Ivan"]
[Result "0-1"]
[WhiteElo "1889"]
[BlackElo "1897"]
[PlyCount "48"]
[EventDate "2007.??.??"]

1. d4 Nf6 2. c4 g6 3. Nc3 Bg7 4. e4 d6 5. f3 O-O 6. Be3 Nbd7 7. Qd2 c5 8. d5
Re8 9. O-O-O Qa5 10. Kb1 a6 11. g4 b5 12. h4 bxc4 13. Bh6 Bh8 14. Rc1 Rb8 15.
h5 Ne5 16. hxg6 fxg6 17. Bf4 Nd3 18. Bxd3 cxd3 19. Qxd3 Nd7 20. Qd2 Rf8 21. Nh3
Ne5 22. Bxe5 Bxe5 23. Ng5 Bf4 24. Rxh7 Bxd2 0-1

[Event "SR 3. liga A2 2007/2008"]
[Site "?"]
[Date "2007.10.21"]
[Round "1"]
[White "Palka, Martin"]
[Black "Slaby, Jozef"]
[Result "1-0"]
[WhiteElo "1912"]
[BlackElo "1945"]
[PlyCount "47"]
[EventDate "2007.??.??"]

1. e4 e6 2. d4 d5 3. Nd2 Nf6 4. e5 Nfd7 5. Bd3 c5 6. c3 Nc6 7. Ne2 Be7 8. O-O
O-O 9. f4 cxd4 10. cxd4 f5 11. exf6 Nxf6 12. Nf3 Qb6 13. Kh1 Bd7 14. Nc3 Rac8
15. a3 Na5 16. Ne5 Nc4 17. Nxd7 Nxd7 18. Qe2 Nf6 19. g4 Rce8 20. g5 Nd7 21. Qh5
g6 22. Bxg6 hxg6 23. Qxg6+ Kh8 24. Rf3 1-0

[Event "SR 3. liga A2 2007/2008"]
[Site "?"]
[Date "2007.10.21"]
[Round "1"]
[White "Gono, Michal"]
[Black "Fidericky, Milan"]
[Result "1/2-1/2"]
[WhiteElo "1682"]
[BlackElo "1883"]
[PlyCount "68"]
[EventDate "2007.??.??"]

1. c4 e6 2. d4 d5 3. Nc3 Nf6 4. Bg5 Be7 5. e3 O-O 6. Nf3 h6 7. Bh4 Nbd7 8. Rc1
Re8 9. Bd3 dxc4 10. Bxc4 c6 11. O-O Nd5 12. Bxe7 Qxe7 13. Ne4 N5f6 14. Ng3 e5
15. Nf5 Qf8 16. Qb3 Nd5 17. Bxd5 cxd5 18. dxe5 Nxe5 19. N5d4 Nc4 20. Nb5 Re7
21. Rfd1 Be6 22. Nc3 Nb6 23. Nd4 Qd8 24. Nxe6 fxe6 25. e4 Rd7 26. h3 Kh8 27.
exd5 exd5 28. Rd4 Qf6 29. Rcd1 Rf8 30. Qc2 Rdf7 31. Nxd5 Nxd5 32. Rxd5 Qxf2+
33. Qxf2 Rxf2 34. Rd8 Kg8 1/2-1/2

[Event "SR 3. liga A2 2007/2008"]
[Site "?"]
[Date "2007.10.21"]
[Round "1"]
[White "Havlicek, Peter"]
[Black "Gubis, Vladimir"]
[Result "1-0"]
[WhiteElo "1688"]
[BlackElo "1775"]
[PlyCount "107"]
[EventDate "2007.??.??"]

1. e4 c5 2. f4 e6 3. Nf3 d5 4. exd5 exd5 5. d4 Nf6 6. Bb5+ Bd7 7. Bxd7+ Nbxd7
8. O-O Be7 9. Nc3 O-O 10. Re1 cxd4 11. Nxd4 Bb4 12. Bd2 Bc5 13. Be3 Bb4 14.
Nde2 Re8 15. Bd4 Bc5 16. Qd3 Bxd4+ 17. Qxd4 Qb6 18. Qxb6 Nxb6 19. Rad1 Re7 20.
Nd4 Rae8 21. Rxe7 Rxe7 22. Nf3 Kf8 23. Ne5 Rc7 24. g4 Rc5 25. Rd4 Ke8 26. Kg2
Nfd7 27. Nxd7 Kxd7 28. Kf3 Kc6 29. Ke2 Rc4 30. Kd3 Kc5 31. Ne2 Rxd4+ 32. Nxd4
g6 33. a3 a6 34. Nb3+ Kb5 35. Nd4+ Kc5 36. b4+ Kd6 37. Nb3 Na4 38. Kd4 b6 39.
Nd2 f6 40. h4 b5 41. Nb3 Nb6 42. Nc5 Nc4 43. a4 Nb2 44. a5 Nc4 45. Nxa6 Nd2 46.
h5 g5 47. fxg5 Nf3+ 48. Ke3 Nxg5 49. Nc5 Kc6 50. Kf4 Nf7 51. Kf5 Nd6+ 52. Kxf6
Ne4+ 53. Kg7 Nxc5 54. Kxh7 1-0

[Event "SR 3. liga A2 2007/2008"]
[Site "?"]
[Date "2007.10.28"]
[Round "2"]
[White "Kovacocy, Pavel"]
[Black "Sekera, Branislav"]
[Result "1-0"]
[WhiteElo "2244"]
[BlackElo "2129"]
[PlyCount "87"]
[EventDate "2007.??.??"]

1. e4 c6 2. d4 d6 3. f4 g6 4. Bd3 Bg7 5. Nf3 b6 6. Qe2 Bg4 7. e5 d5 8. h3 Bc8
9. Be3 e6 10. Nbd2 Nd7 11. O-O Ne7 12. g4 c5 13. c3 c4 14. Bc2 Nf8 15. b3 cxb3
16. axb3 h5 17. Bd3 hxg4 18. hxg4 Bd7 19. Nb1 Nc6 20. Na3 Na5 21. Nb5 Bxb5 22.
Bxb5+ Nd7 23. b4 Nc4 24. Bxc4 dxc4 25. Qxc4 Rc8 26. Qd3 Qc7 27. Bd2 Qb7 28. Kf2
b5 29. Rh1 Rxh1 30. Rxh1 Qd5 31. Rh7 Kf8 32. Ng5 Nb6 33. f5 exf5 34. gxf5 gxf5
35. Qxf5 Rc7 36. Ne4 Rc6 37. Rxg7 Kxg7 38. Nf6 Rxf6 39. Qxf6+ Kf8 40. Bg5 Qh1
41. e6 Qh2+ 42. Ke1 Qg1+ 43. Ke2 Qg4+ 44. Kf2 1-0

[Event "SR 3. liga A2 2007/2008"]
[Site "?"]
[Date "2007.10.28"]
[Round "2"]
[White "Lopatievov, Alexander"]
[Black "Cechovic, Stefan"]
[Result "0-1"]
[WhiteElo "1904"]
[BlackElo "2164"]
[PlyCount "60"]
[EventDate "2007.??.??"]

1. b4 e5 2. Bb2 f6 3. a3 d5 4. e3 Be6 5. d3 g6 6. Nd2 Bg7 7. Ngf3 Ne7 8. c4 c6
9. Be2 O-O 10. O-O Nd7 11. Nb3 b6 12. Nfd2 Rc8 13. d4 e4 14. Rc1 f5 15. cxd5
cxd5 16. g3 g5 17. f3 exf3 18. Nxf3 h6 19. Rxc8 Nxc8 20. Nc1 Nd6 21. Nd2 Qe7
22. Qe1 Nf6 23. Bd3 Ng4 24. h3 Nf6 25. Kg2 Bc8 26. Qe2 Re8 27. Re1 Qd7 28. Qf1
f4 29. e4 Qxh3+ 30. Kg1 Qxg3+ 0-1

[Event "SR 3. liga A2 2007/2008"]
[Site "?"]
[Date "2007.10.28"]
[Round "2"]
[White "Sarmir, Milos"]
[Black "Mackovic, Miroslav"]
[Result "1-0"]
[WhiteElo "2112"]
[BlackElo "2033"]
[PlyCount "73"]
[EventDate "2007.??.??"]

1. e4 c5 2. Nf3 d6 3. d4 cxd4 4. Nxd4 Nf6 5. Nc3 a6 6. Be2 e6 7. O-O Be7 8. Kh1
O-O 9. f4 Qc7 10. Be3 b5 11. a3 Bb7 12. Bf3 Nbd7 13. Nb3 Rfd8 14. Qe2 Nc5 15.
Nxc5 dxc5 16. e5 Nd5 17. Bd2 Nxc3 18. Bxc3 Bxf3 19. Rxf3 Rd5 20. Qe1 Rad8 21.
Ba5 Qd7 22. Bxd8 Bxd8 23. Rd3 Rxd3 24. cxd3 f6 25. Qe3 fxe5 26. fxe5 Be7 27.
Qe4 Qd5 28. Re1 Bd8 29. Qxd5 exd5 30. e6 Be7 31. Re5 d4 32. Rd5 a5 33. Rd7 Kf8
34. Rb7 c4 35. Rb8+ Bd8 36. Rxd8+ Ke7 37. Rxd4 1-0

[Event "SR 3. liga A2 2007/2008"]
[Site "?"]
[Date "2007.10.28"]
[Round "2"]
[White "Zarecky, Eduard"]
[Black "Liptak, Tomas"]
[Result "0-1"]
[WhiteElo "1906"]
[BlackElo "1987"]
[PlyCount "78"]
[EventDate "2007.??.??"]

1. d4 Nf6 2. Nc3 g6 3. g3 Bg7 4. Bg2 d5 5. Nf3 O-O 6. O-O Nbd7 7. Bf4 c6 8. Qc1
Ne4 9. Bh6 Nxc3 10. bxc3 b5 11. Bxg7 Kxg7 12. Qb2 Nb6 13. Ne5 Qc7 14. Nd3 f6
15. f4 Bf5 16. Rae1 Nc4 17. Qc1 Nd6 18. Nc5 Qa5 19. e4 dxe4 20. Bxe4 Nxe4 21.
Nxe4 Qxa2 22. Nc5 Rfe8 23. Qe3 Qc4 24. Na6 Rac8 25. Rf2 e6 26. Ra1 Re7 27. Nb4
c5 28. dxc5 Rxc5 29. Ra3 Rd7 30. Rd2 Rxd2 31. Rxa7+ Kh6 32. Qxd2 Bh3 33. Nd3
Rd5 34. f5+ g5 35. Qe2 Rxf5 36. Rxh7+ Kxh7 37. Qh5+ Kg7 38. Qxh3 Qxc3 39. Qg2
Qa1+ 0-1

[Event "SR 3. liga A2 2007/2008"]
[Site "?"]
[Date "2007.10.28"]
[Round "2"]
[White "Vlkovic, Pavol"]
[Black "Gajarsky, Julius"]
[Result "0-1"]
[WhiteElo "1930"]
[BlackElo "1820"]
[PlyCount "62"]
[EventDate "2007.??.??"]

1. e4 c5 2. d4 cxd4 3. c3 dxc3 4. Nxc3 e6 5. Bc4 Qc7 6. Qe2 a6 7. a4 Nc6 8. Nf3
Be7 9. O-O d6 10. Rd1 Nf6 11. Bf4 Nh5 12. Be3 Nf6 13. Rac1 O-O 14. Ba2 Qa5 15.
Bf4 e5 16. Bg5 Be6 17. Bxf6 gxf6 18. Bxe6 fxe6 19. Qc4 Kf7 20. Nh4 Nd4 21. Qa2
Qb6 22. g3 Rac8 23. Kg2 Qb3 24. Qxb3 Nxb3 25. Rb1 Rc4 26. Rd3 Nc5 27. b3 Rb4
28. Re3 Rxb3 29. Rxb3 Nxb3 30. Ne2 Nc5 31. Nc3 Bd8 0-1

[Event "SR 3. liga A2 2007/2008"]
[Site "?"]
[Date "2007.10.28"]
[Round "2"]
[White "Kozinka, Jan"]
[Black "Liptak, Dusan"]
[Result "0-1"]
[WhiteElo "1766"]
[BlackElo "1729"]
[PlyCount "68"]
[EventDate "2007.??.??"]

1. e4 e6 2. d4 d5 3. Bd3 c5 4. c3 cxd4 5. cxd4 dxe4 6. Bxe4 Nf6 7. Bf3 Nc6 8.
Ne2 Be7 9. O-O O-O 10. a3 Qc7 11. Bf4 Bd6 12. Bxd6 Qxd6 13. Bxc6 bxc6 14. Nd2
Ba6 15. Re1 Bxe2 16. Qxe2 Qxd4 17. Nf3 Qb6 18. Rac1 a5 19. Rc2 Rfd8 20. Ne5
Rac8 21. h4 Rd4 22. Qf3 c5 23. g4 Qc7 24. g5 Nd5 25. Re4 Rxe4 26. Qxe4 Ne7 27.
Nd3 Qd6 28. Qe3 Nf5 29. Qe4 Ne7 30. Ne5 Qd5 31. Qf4 Qd1+ 32. Kh2 Qxc2 33. Qxf7+
Kh8 34. Kg3 Qf5 0-1

[Event "SR 3. liga A2 2007/2008"]
[Site "?"]
[Date "2007.10.28"]
[Round "2"]
[White "Markuliak, Mario"]
[Black "Petko, Severin"]
[Result "1-0"]
[WhiteElo "1663"]
[BlackElo "1563"]
[PlyCount "49"]
[EventDate "2007.??.??"]

1. c4 c5 2. Nc3 Nc6 3. g3 g6 4. Bg2 Bg7 5. Nf3 Nf6 6. O-O O-O 7. e3 d6 8. d4
cxd4 9. Nxd4 Nxd4 10. exd4 Qc7 11. Qb3 Rb8 12. c5 Nh5 13. Nd5 Be6 14. Nxc7 Bxb3
15. axb3 Rbc8 16. Nd5 Rfe8 17. Be3 dxc5 18. dxc5 Bxb2 19. Rxa7 e6 20. Nb6 Rc7
21. Rxb7 Rxb7 22. Bxb7 Nf6 23. c6 Be5 24. Nd7 Nd5 25. Nxe5 1-0

[Event "SR 3. liga A2 2007/2008"]
[Site "?"]
[Date "2007.10.28"]
[Round "2"]
[White "Dobis, Pavol"]
[Black "Hornak, Pavol"]
[Result "1/2-1/2"]
[WhiteElo "1559"]
[BlackElo "1619"]
[PlyCount "35"]
[EventDate "2007.??.??"]

1. d4 Nf6 2. c4 g6 3. Nc3 d5 4. e3 Bg7 5. Nf3 O-O 6. h3 b6 7. cxd5 Nxd5 8. Bd2
Bb7 9. a3 e6 10. Rc1 Nd7 11. b4 e5 12. dxe5 Nxe5 13. Nxe5 Bxe5 14. Qc2 c6 15.
Be2 Rc8 16. O-O Qe7 17. Qb3 Rfd8 18. Rfd1 1/2-1/2

[Event "SR 3. liga A2 2007/2008"]
[Site "?"]
[Date "2007.10.28"]
[Round "2"]
[White "Farkas, Gabor"]
[Black "Pagerka, Martin"]
[Result "0-1"]
[WhiteElo "2333"]
[BlackElo "2099"]
[PlyCount "74"]
[EventDate "2007.??.??"]

1. d4 d5 2. g3 c6 3. Bg2 Bf5 4. c4 e6 5. Nc3 Nf6 6. Nf3 h6 7. O-O Be7 8. Bf4
O-O 9. Rc1 Nbd7 10. cxd5 exd5 11. a3 Re8 12. b4 a5 13. Qb3 axb4 14. axb4 Qb6
15. b5 Ra3 16. Qd1 Bb4 17. Nb1 Ra1 18. bxc6 bxc6 19. Ne5 Nxe5 20. Bxe5 Nd7 21.
Bf4 Qb5 22. Bf3 Rea8 23. Qb3 Nf6 24. Nc3 Bxc3 25. Qxc3 R1a6 26. Be5 Ne4 27. Qe3
f6 28. Bf4 Ra3 29. Rb1 Rxe3 30. Rxb5 Rxf3 31. exf3 cxb5 32. fxe4 Bxe4 33. Bd6
Ra4 34. f3 Bd3 35. Re1 Bg6 36. Bc5 b4 37. Re3 Bc2 0-1

[Event "SR 3. liga A2 2007/2008"]
[Site "?"]
[Date "2007.10.28"]
[Round "2"]
[White "Hecko, Dusan"]
[Black "Schmikli, Laszlo"]
[Result "1/2-1/2"]
[WhiteElo "2123"]
[BlackElo "2255"]
[PlyCount "124"]
[EventDate "2007.??.??"]

1. d4 Nf6 2. Nf3 g6 3. Bf4 c5 4. e3 Bg7 5. c3 b6 6. h3 O-O 7. Be2 Bb7 8. O-O d6
9. Nbd2 Nbd7 10. Rc1 Re8 11. Qc2 e5 12. dxe5 dxe5 13. Bg5 e4 14. Nh2 h6 15.
Bxf6 Qxf6 16. b3 Qc6 17. Nc4 Nf6 18. Na3 a6 19. c4 Nd7 20. Nb1 Ne5 21. Nc3 Nd3
22. Rcd1 Nb4 23. Qc1 Qf6 24. a3 Qxc3 25. Qxc3 Bxc3 26. axb4 Bxb4 27. Rd6 Re7
28. Rfd1 Rb8 29. Ng4 Kg7 30. Rxb6 Ba5 31. Rbd6 Bc8 32. Rb1 Bc7 33. Rdd1 Be6 34.
Nh2 Be5 35. Nf1 a5 36. f3 Bf5 37. f4 Bf6 38. g4 Bd7 39. Rdc1 Bc6 40. Bd1 Rd7
41. Bc2 Bc3 42. Kf2 g5 43. fxg5 hxg5 44. Ng3 Rd2+ 45. Kf1 Re8 46. Bxe4 Bxe4 47.
Nxe4 Rxe4 48. Rxc3 Rh2 49. Re1 Rxh3 50. Kg2 Rh4 51. Ra1 Rexg4+ 52. Kf3 a4 53.
Rxa4 Rg1 54. Rd3 Rh2 55. Rd5 Kg6 56. Ra6+ f6 57. Rxc5 g4+ 58. Ke4 Rh8 59. Kf4
Rf1+ 60. Kxg4 Rhh1 61. Kg3 Rhg1+ 62. Kh2 Rh1+ 1/2-1/2

[Event "SR 3. liga A2 2007/2008"]
[Site "?"]
[Date "2007.10.28"]
[Round "2"]
[White "Ress, Tamas"]
[Black "Diviak, Rastislav"]
[Result "1/2-1/2"]
[WhiteElo "2171"]
[BlackElo "2014"]
[PlyCount "98"]
[EventDate "2007.??.??"]

1. d4 d5 2. Nf3 Nf6 3. c4 c6 4. Nc3 e6 5. Bg5 Nbd7 6. e3 Qa5 7. Nd2 dxc4 8.
Bxf6 Nxf6 9. Bxc4 Be7 10. O-O O-O 11. a3 e5 12. b4 Qc7 13. d5 cxd5 14. Nxd5
Nxd5 15. Bxd5 Bf5 16. e4 Bg6 17. Rc1 Qd7 18. Nc4 Bf6 19. Qb3 Rac8 20. Na5 Rxc1
21. Rxc1 Rc8 22. Rc4 Rxc4 23. Qxc4 b6 24. Qc6 Qxc6 25. Nxc6 a6 26. Kf1 Bg5 27.
Nxe5 Bc1 28. a4 Ba3 29. b5 axb5 30. axb5 Bc5 31. f3 Bd4 32. Nd7 Kh8 33. f4 f6
34. Nb8 Be8 35. Nc6 Be3 36. g3 g6 37. Ke2 Bc5 38. e5 fxe5 39. fxe5 Kg7 40. Kf3
g5 41. Be6 h5 42. h3 Bg6 43. g4 Bd3 44. gxh5 Bxb5 45. Bd7 Kh6 46. Kg4 Be2+ 47.
Kf5 Kxh5 48. e6 g4 49. hxg4+ Bxg4+ $11 1/2-1/2

[Event "SR 3. liga A2 2007/2008"]
[Site "?"]
[Date "2007.10.28"]
[Round "2"]
[White "Hanzluvka, Peter"]
[Black "Ivan, Imrich ml"]
[Result "1/2-1/2"]
[WhiteElo "2052"]
[BlackElo "2012"]
[PlyCount "106"]
[EventDate "2007.??.??"]

1. e4 e6 2. d4 d5 3. Nd2 dxe4 4. Nxe4 Nd7 5. Nf3 Ngf6 6. Ng3 Be7 7. Bd3 b6 8.
O-O Bb7 9. Re1 O-O 10. c3 c5 11. Ne5 cxd4 12. cxd4 g6 13. Bh6 Re8 14. Rc1 Rc8
15. Qe2 Nxe5 16. dxe5 Qd5 $11 17. f3 Red8 18. Rxc8 Bxc8 19. exf6 Bc5+ 20. Be3
Bxe3+ 21. Qxe3 Qxd3 22. Qxd3 Rxd3 23. Rc1 Rd8 24. Rc7 a5 25. Ne4 h6 26. Kf2 e5
27. Rc6 Be6 28. Rxb6 Bxa2 29. Rb5 a4 30. Ke3 Re8 31. Nc5 Kh7 32. Nxa4 g5 33.
Nc3 Bc4 34. Rb6 Rd8 35. g3 Kg6 36. Ke4 Rd2 37. h4 gxh4 38. gxh4 Rh2 39. Kxe5
Rxh4 40. Ne4 Be6 41. Rb8 Rh5+ 42. Kf4 Rh4+ 43. Kg3 Rh1 44. b4 Bd5 45. Rb6 h5
46. Kf4 h4 47. Rd6 Be6 48. b5 Rb1 49. Nc5 Rxb5 50. Nxe6 fxe6 51. Rxe6 Rb4+ 52.
Re4 Rxe4+ 53. fxe4 Kxf6 1/2-1/2

[Event "SR 3. liga A2 2007/2008"]
[Site "?"]
[Date "2007.10.28"]
[Round "2"]
[White "Csefalvay, Stefan"]
[Black "Diviak, Rudolf"]
[Result "1-0"]
[WhiteElo "1948"]
[BlackElo "1899"]
[PlyCount "89"]
[EventDate "2007.??.??"]

1. Nf3 Nf6 2. g3 d6 3. Bg2 g6 4. c4 Bg7 5. d4 Nbd7 6. O-O O-O 7. Nc3 e5 8. h3
Rb8 9. e4 a6 10. a4 Qe7 11. Re1 Re8 12. d5 Rf8 13. Bg5 h6 14. Be3 Ne8 15. Qd2
Kh7 16. Nh4 Nef6 17. b4 Nb6 18. Qd3 Nh5 19. c5 Nd7 20. c6 Ndf6 21. cxb7 Bxb7
22. b5 Ra8 23. Nf3 Nd7 24. bxa6 Bxa6 25. Nb5 Rfb8 26. Rec1 Nhf6 27. Nd2 Nb6 28.
Qc2 Rc8 29. Bf1 Qd7 30. Kg2 Bb7 31. Nc3 Ra5 32. Bb5 Qd8 33. Qb3 Nfd7 34. Qb4
Rxb5 35. axb5 f5 36. Ra7 Ba8 37. f3 f4 38. Bxb6 Nxb6 39. g4 h5 40. Nc4 Nd7 41.
Na4 Qg5 42. Qe1 hxg4 43. hxg4 Bf6 44. Nxd6 Rh8 45. Nf7 1-0

[Event "SR 3. liga A2 2007/2008"]
[Site "?"]
[Date "2007.10.28"]
[Round "2"]
[White "Cajka, Tibor"]
[Black "Vizvari, Ludovit"]
[Result "0-1"]
[WhiteElo "1830"]
[BlackElo "2050"]
[PlyCount "164"]
[EventDate "2007.??.??"]

1. e4 c5 2. Nf3 e6 3. d4 cxd4 4. Nxd4 a6 5. Bd3 Nf6 6. O-O Qc7 7. c4 Nc6 8. Nb3
d6 9. Nc3 Be7 10. Kh1 Ne5 11. Qe2 Bd7 12. Nd2 Nxd3 13. Qxd3 Bc6 14. Qg3 Nh5 15.
Qg4 g6 16. f4 f5 17. Qe2 Nf6 18. exf5 exf5 19. Re1 Qd7 20. b3 Kf7 21. Bb2 Rhe8
22. Qd3 d5 23. Nf3 Ng4 24. Ne5+ Nxe5 25. fxe5 dxc4 26. Qh3 Kg8 27. e6 Qc7 28.
Ne4 Bxe4 29. Rxe4 Bf6 30. Rxc4 Qe7 31. Bxf6 Qxf6 32. Rac1 Qxe6 33. Qc3 Re7 34.
h3 Rae8 35. Rc7 Rxc7 36. Qxc7 Re7 37. Qc3 h6 38. Qc8+ Qxc8 39. Rxc8+ Kf7 40.
Rc2 b5 41. Kg1 Kf6 42. Kf2 f4 43. Rc8 g5 44. Rh8 Kg7 45. Rc8 Re6 46. Rc7+ Kg6
47. Rc8 Rd6 48. Ke2 Kh5 49. Rc2 Kh4 50. Kf3 Re6 51. Kf2 h5 52. Rc8 Rd6 53. Rc2
Rd5 54. Kf3 Re5 55. Rc6 a5 56. Ra6 b4 57. Rc6 Re3+ 58. Kf2 Rc3 59. Rc4 Rxc4 60.
bxc4 a4 61. c5 b3 62. axb3 axb3 63. c6 b2 64. c7 b1=Q 65. c8=Q Qb2+ 66. Kf3
Qb3+ 67. Ke4 Qe3+ 68. Kf5 Qd3+ 69. Kf6 Qd4+ 70. Kf5 Qd5+ 71. Kf6 Qxg2 72. Qf5
Qg3 73. Kg6 f3 74. Qe4+ Qf4 75. Qe1+ f2 76. Qf1 Qe4+ 77. Kh6 Qe6+ 78. Kg7 Qe1
79. Qc4+ g4 80. Kh7 f1=Q 81. Qc5 Qf7+ 82. Kh6 Qee6# 0-1

[Event "SR 3. liga A2 2007/2008"]
[Site "?"]
[Date "2007.10.28"]
[Round "2"]
[White "Csiba, Peter"]
[Black "Danada, Ondrej"]
[Result "1-0"]
[WhiteElo "1987"]
[BlackElo "1752"]
[PlyCount "69"]
[EventDate "2007.??.??"]

1. e4 c6 2. d4 d5 3. e5 c5 4. c3 cxd4 5. cxd4 Bf5 6. Nc3 e6 7. g4 Bg6 8. a3 Nc6
9. Be3 Qb6 10. Na4 Qc7 11. Rc1 f6 12. Bf4 Qa5+ 13. b4 Bxb4+ 14. axb4 Qxb4+ 15.
Nc3 Nxd4 16. Bd2 Nb3 17. Nce2 Qe4 18. Qxb3 Qxh1 19. Qb5+ Kf7 20. Qxb7+ Ne7 21.
exf6 Rae8 22. fxg7 Rhg8 23. Qxa7 Rxg7 24. Bh6 Rgg8 25. Rc3 Be4 26. h3 Ra8 27.
Qe3 Nf5 28. gxf5 Rxg1 29. fxe6+ Kg6 30. Nxg1 Qxg1 31. h4 Ra1+ 32. Rc1 Rxc1+ 33.
Qxc1 Kf5 34. e7 Bg2 35. Qf4+ 1-0

[Event "SR 3. liga A2 2007/2008"]
[Site "?"]
[Date "2007.10.28"]
[Round "2"]
[White "Skapik, Branislav"]
[Black "Vegh, Vince"]
[Result "1/2-1/2"]
[WhiteElo "1797"]
[BlackElo "1887"]
[PlyCount "101"]
[EventDate "2007.??.??"]

1. e4 c5 2. Nc3 Nc6 3. g3 g6 4. Bg2 Bg7 5. f4 e6 6. Nf3 Nge7 7. d3 a6 8. Be3 b6
9. O-O d5 10. Bf2 O-O 11. e5 Bb7 12. g4 Qc7 13. Qe2 Na7 14. h4 b5 15. a3 a5 16.
a4 b4 17. Nb1 Nac8 18. Nbd2 Nb6 19. Nb3 d4 20. Nbd2 Nbd5 21. Bg3 Ne3 22. Rfc1
Nxg4 23. Nxd4 Bxg2 24. Kxg2 Nxe5 25. fxe5 cxd4 26. Qe4 Nf5 27. Nc4 Bh6 28. Re1
Ne3+ 29. Nxe3 Bxe3 30. Re2 Rac8 31. Bf4 Qc6 32. Qxc6 Rxc6 33. Bxe3 dxe3 34. Kf3
f5 35. Kf4 Rfc8 36. Rc1 Rc5 37. d4 Rd5 38. Kxe3 Rc4 39. Rd1 Kg7 40. Red2 Kh6
41. Kf3 Kh5 42. Kf4 h6 43. Kf3 g5 44. hxg5 hxg5 45. Rh1+ Kg6 46. Ke3 g4 47.
Rdh2 Rcxd4 48. Rh6+ Kf7 49. Rh7+ Ke8 50. Rh8+ Kd7 51. R1h7+ 1/2-1/2

[Event "SR 3. liga A2 2007/2008"]
[Site "?"]
[Date "2007.10.28"]
[Round "2"]
[White "Meszaros, Lorant"]
[Black "Hudacek, Josef"]
[Result "1-0"]
[WhiteElo "2103"]
[BlackElo "2081"]
[PlyCount "59"]
[EventDate "2007.??.??"]

1. d4 Nf6 2. c4 g6 3. g3 Bg7 4. Bg2 O-O 5. Nc3 d6 6. Nf3 Nbd7 7. O-O e5 8. e4
c6 9. h3 Re8 10. Be3 h6 11. Qd2 Kh7 12. Nh4 a6 13. Rad1 b5 14. c5 exd4 15. Bxd4
b4 16. Na4 Qa5 17. Qc2 dxc5 18. Nxc5 Nxc5 19. Bxc5 Be6 20. b3 Nd7 21. Bd6 Rac8
22. f4 Qb6+ 23. Kh2 Bf8 24. f5 g5 25. fxe6 gxh4 26. exf7 hxg3+ 27. Kh1 Re6 28.
e5+ Kh8 29. Qf5 Qe3 30. Bxf8 1-0

[Event "SR 3. liga A2 2007/2008"]
[Site "?"]
[Date "2007.10.28"]
[Round "2"]
[White "Strakac, Petr"]
[Black "Szitasi, Janos"]
[Result "1-0"]
[WhiteElo "2029"]
[BlackElo "1987"]
[PlyCount "66"]
[EventDate "2007.??.??"]

1. e4 c5 2. Nf3 d6 3. Bc4 Nf6 4. Nc3 Nc6 5. h3 g6 6. O-O Bg7 7. d3 O-O 8. a3 a6
9. Bg5 h6 10. Bh4 b5 11. Ba2 g5 12. Bg3 Nh5 13. Bh2 Nf4 14. Bxf4 gxf4 15. Qd2
e5 16. Nd5 Be6 17. c3 Ne7 18. Nxe7+ Qxe7 19. Bxe6 fxe6 20. b4 Rfd8 21. Ra2 d5
22. Qe2 c4 23. dxc4 dxc4 24. Rd1 Rxd1+ 25. Qxd1 a5 26. Rd2 axb4 27. axb4 Bf6
28. Kf1 Rd8 29. Rxd8+ Qxd8 30. Qxd8+ Bxd8 31. Nd2 f3 32. gxf3 Bg5 33. Nb1 Bc1
1-0

[Event "SR 3. liga A2 2007/2008"]
[Site "?"]
[Date "2007.10.28"]
[Round "2"]
[White "Ollos, Ladislav"]
[Black "Kubis, Ivan"]
[Result "1/2-1/2"]
[WhiteElo "1995"]
[BlackElo "2018"]
[PlyCount "32"]
[EventDate "2007.??.??"]

1. e4 e5 2. Nf3 Nc6 3. Bb5 a6 4. Bxc6 dxc6 5. d4 exd4 6. Qxd4 Qxd4 7. Nxd4 c5
8. Ne2 Bd6 9. Be3 Ne7 10. Nd2 b5 11. c4 Bb7 12. f3 f5 13. exf5 Nxf5 14. Bf2
O-O-O 15. O-O-O Rhe8 16. Nc3 Nd4 $11 1/2-1/2

[Event "SR 3. liga A2 2007/2008"]
[Site "?"]
[Date "2007.10.28"]
[Round "2"]
[White "Vogl, Zdenek"]
[Black "Arpa, Zoltan"]
[Result "1-0"]
[WhiteElo "1883"]
[BlackElo "1843"]
[PlyCount "127"]
[EventDate "2007.??.??"]

1. e4 e6 2. d4 d5 3. e5 c5 4. c3 Nc6 5. Bb5 Bd7 6. Nf3 Qb6 7. Bxc6 Bxc6 8. dxc5
Bxc5 9. Nd4 Bxd4 10. Qxd4 Qc7 11. Bg5 Ne7 12. Bxe7 Qxe7 13. O-O O-O 14. Nd2
Rfd8 15. f4 b6 16. Nb3 Rac8 17. Qe3 Ba4 18. Nd4 Rc7 19. Rf3 Bd7 20. g4 g6 21.
f5 exf5 22. gxf5 Re8 23. Re1 Bxf5 24. Nxf5 gxf5 25. Kh1 Rc6 26. Rxf5 Rg6 27.
Qd4 Qe6 28. Ref1 Re7 29. Qf4 Rc7 30. Qh4 Re7 31. Rh5 Qg4 32. Qxg4 Rxg4 33. Rg1
Rxg1+ 34. Kxg1 Kg7 35. Rf5 Kg6 36. Rf6+ Kg5 37. Kf2 Rxe5 38. Rxf7 Rf5+ 39.
Rxf5+ Kxf5 40. Kf3 h5 41. h4 a6 42. b3 a5 43. a4 Ke5 44. Ke3 Kd6 45. Kd4 Kc6
46. b4 Kd6 47. bxa5 bxa5 48. c4 dxc4 49. Kxc4 Kc6 50. Kd4 Kb6 51. Kd5 Ka7 52.
Kc5 Ka6 53. Kc4 Ka7 54. Kb5 Kb7 55. Kxa5 Ka7 56. Kb5 Kb7 57. Kc5 Ka6 58. Kd5
Ka5 59. Ke5 Kxa4 60. Kf5 Kb5 61. Kg5 Kc6 62. Kxh5 Kd6 63. Kg6 Ke7 64. Kg7 1-0

[Event "SR 3. liga A2 2007/2008"]
[Site "?"]
[Date "2007.10.28"]
[Round "2"]
[White "Both, Lajos"]
[Black "Vepy, Ivan"]
[Result "0-1"]
[WhiteElo "1951"]
[BlackElo "1973"]
[PlyCount "88"]
[EventDate "2007.??.??"]

1. e4 e5 2. Nf3 d6 3. d4 exd4 4. Qxd4 Bd7 5. Bc4 Nf6 6. Nc3 Nc6 7. Qd3 Be7 8.
a3 O-O 9. O-O Ng4 10. Bb3 Nce5 11. Nxe5 Nxe5 12. Qe2 Kh8 13. Nd5 f5 14. Nxe7
Qxe7 15. exf5 Qh4 16. f4 Nc6 17. Be3 Bxf5 18. Bd5 Bd7 19. Qd2 Rae8 20. b4 a6
21. c3 Rf6 22. g3 Qh5 23. Bf3 Qg6 24. Rae1 h5 25. Bf2 Ref8 26. Kh1 Bh3 27. Rg1
Bg4 28. Be4 Qf7 29. Bd5 Qd7 30. Qe3 Ne5 31. fxe5 Rxf2 32. e6 Qe7 33. Bxb7 R8f6
34. Bd5 c6 35. Bxc6 Bxe6 36. Qd4 Qf7 37. Rg2 Bg4 38. Re8+ Qxe8 39. Rxf2 Qxc6+
40. Kg1 Rxf2 41. Qxf2 Qxc3 42. Qf8+ Kh7 43. Qxd6 Qe3+ 44. Kf1 Bh3# 0-1

[Event "SR 3. liga A2 2007/2008"]
[Site "?"]
[Date "2007.10.28"]
[Round "2"]
[White "Hrubsa, Marian"]
[Black "Bernath, Mikulas"]
[Result "0-1"]
[WhiteElo "1719"]
[BlackElo "1924"]
[PlyCount "126"]
[EventDate "2007.??.??"]

1. e4 c5 2. Nf3 d6 3. d4 cxd4 4. Nxd4 Nf6 5. Nc3 a6 6. Be2 e5 7. Nb3 Be6 8. O-O
Be7 9. Be3 O-O 10. f4 exf4 11. Rxf4 Nc6 12. Nd4 Nxd4 13. Bxd4 Rc8 14. Qe1 Bc4
15. Bxc4 Rxc4 16. Qf2 Qc8 17. h3 Nd7 18. Nd5 Bd8 19. c3 Ne5 20. Qg3 Qe6 21.
Raf1 f6 22. Rf5 Ng6 23. Qg4 Rf7 24. h4 Ne5 25. Qg3 b5 26. h5 h6 27. a3 Rc6 28.
Nf4 Qb3 29. Nd5 Qxb2 30. Nxf6+ Bxf6 31. Rxf6 Rxf6 32. Rxf6 Qb1+ 33. Kh2 Qxe4
34. Rf4 Qe2 35. Qh3 Qa2 36. Qf5 Qf7 37. Qe4 Qxh5+ 38. Kg1 Qe8 39. Qd5+ Kh8 40.
Qa2 Rc4 41. Qf2 Kg8 42. Qg3 Rc7 43. Rf6 Nf7 44. Re6 Qf8 45. Re8 Ne5 46. Rxf8+
Kxf8 47. Bxe5 dxe5 48. Qxe5 Rc4 49. Qd6+ Kg8 50. Qxa6 Rxc3 51. Qxb5 Rxa3 52.
Kf2 Kh7 53. Qf5+ Kg8 54. Kg1 Ra1+ 55. Kh2 Ra3 56. g3 Ra2+ 57. Kh3 Ra3 58. Kh4
Ra1 59. Kh5 Rc1 60. g4 Kh8 61. Qd5 Ra1 62. Qb5 Kh7 63. Qb6 Rh1# 0-1

[Event "SR 3. liga A2 2007/2008"]
[Site "?"]
[Date "2007.10.28"]
[Round "2"]
[White "Kalmar, Tamas"]
[Black "Harastova, Viera"]
[Result "1-0"]
[WhiteElo "1529"]
[BlackElo "1650"]
[PlyCount "115"]
[EventDate "2007.??.??"]

1. d4 d5 2. Nf3 Nf6 3. c4 e6 4. Nc3 Bb4 5. Bd2 Nbd7 6. e3 O-O 7. Qc2 Bxc3 8.
Bxc3 Ne4 9. Bd3 Ndf6 10. O-O b6 11. Rac1 Nxc3 12. Qxc3 Ba6 13. Qa3 Bxc4 14.
Bxc4 dxc4 15. Rxc4 Qd6 16. Qa4 Ne4 17. Qc2 Qd5 18. Rxc7 Nd6 19. Qc6 Rac8 20.
Qxd5 exd5 21. Rfc1 f6 22. Kf1 Nc4 23. Rxc8 Rxc8 24. Ke2 Nd6 25. Rxc8+ Nxc8 26.
Kd3 Nd6 27. Nd2 f5 28. f3 Kf7 29. e4 fxe4+ 30. fxe4 Ke6 31. g4 g5 32. e5 Nf7
33. Nf3 h6 34. Ne1 Nd8 35. Nc2 Nc6 36. a3 a5 37. Ne3 Ne7 38. Kc3 b5 39. Kd3 Ng6
40. Nf5 Nf4+ 41. Ke3 Ng2+ 42. Kd2 Nf4 43. Nxh6 Nh3 44. Ke3 Nf4 45. Nf5 Ng2+ 46.
Kd2 Nf4 47. b4 axb4 48. axb4 Kd7 49. Nd6 Kc6 50. Nf7 Ne6 51. Ke3 Kd7 52. Nd6
Kc6 53. Nf5 Kd7 54. h4 gxh4 55. Nxh4 Ng5 56. Nf5 Ne4 57. Nd6 Kc6 58. Nxe4 1-0